| 000 | 00736nam a22002297a 4500 | ||
|---|---|---|---|
| 003 | OSt | ||
| 005 | 20260511120646.0 | ||
| 008 | 260511b |||||||| |||| 00| 0 eng d | ||
| 020 | _a9780333651773 | ||
| 040 |
_aKenya National Library Service _erda |
||
| 082 | _a641.5092 LAD | ||
| 100 |
_aLadenis, Nico _eauthor |
||
| 245 |
_aNico : _brecipes and recollections from one of our most brilliant and controversial chiefs / _cNico Ladenis |
||
| 300 |
_a255 pages : _bcolour illustrations, portraits ; _c27 cm. |
||
| 504 | _aIncludes index | ||
| 650 | _aLadens, Nico | ||
| 650 |
_aChef _vGreat Britain _xBiography |
||
| 650 | _aCokerly, French | ||
| 942 |
_2ddc _cBK _n0 |
||
| 999 |
_c492663 _d492663 |
||